« Retourner aux résultats de recherche
Mimi et moi
| Auteur principal: | Léo Timmers |
|---|---|
| D'autres auteurs: | Laurent Bayer |
| Support: | Livres |
| Langue: | Francais |
| Publié: |
DL 2025 Cambourakis Paris |
| Genre: |
Album |
| Sujets: | |
| Étiquettes: |
Ajouter
Pas de Tags !
|
| LEADER | 00662nam0a2200193 450 | ||
|---|---|---|---|
| 001 | 16847788 | ||
| 010 | |a 978-2-38669-064-8 |b rel. |d 19 | ||
| 100 | |a 20251013d2026 u u0frey01 ba | ||
| 101 | 1 | |a fre |c dut | |
| 102 | |a FR | ||
| 200 | 0 | |a Mimi et moi |f Leo Timmers |g traduit du néerlandais par Laurent Bayer | |
| 207 | 1 | |a | |
| 210 | |a Paris |c Cambourakis |d DL 2025 | ||
| 215 | |a 1 vol. (non paginé [61] p.) |c ill. en coul. |d 28 x 31 cm | ||
| 700 | 0 | |a Timmers |b Léo |f 1970-.... |4 70 | |
| 702 | 0 | |a Bayer |b Laurent |f 1969-.... |4 730 | |
| 900 | |a Album | ||
| 901 | |a Accessible au prêt | ||
| 995 | |a Bibliothèque |c Bibliothèque |f 024026106 |h 024026106 |k A TIM |o p |q j |r az |e Bibliothèque | ||
